Az év első felében 1 400 000 pengővel folyt be kevesebb a város pénztárába, mint amire számítottak a pénzügyi bizottság ülése
Elmentve itt :
| Dokumentumtípus: | Cikk |
|---|---|
| Megjelent: |
1932-07-08
|
| Sorozat: | Délmagyarország
8 No. 154 |
| Kulcsszavak: | Somogyi Szilveszter, Pénzügy Szeged |
| Online Access: | http://dmarchiv.bibl.u-szeged.hu/47736 |
| LEADER | 00536nab a2200145 i 4500 | ||
|---|---|---|---|
| 001 | delm47736 | ||
| 005 | 20180927134916.0 | ||
| 008 | 180927s1932 hu o 0|| hun d | ||
| 040 | |a SZTE Délmagyarország Archívum |b hun | ||
| 041 | |a hun | ||
| 245 | 0 | 3 | |a Az év első felében 1 400 000 pengővel folyt be kevesebb a város pénztárába, mint amire számítottak |h [elektronikus dokumentum] : |b a pénzügyi bizottság ülése |
| 260 | |c 1932-07-08 | ||
| 300 | |a 3 | ||
| 490 | 0 | |a Délmagyarország |v 8 No. 154 | |
| 695 | |a Somogyi Szilveszter, Pénzügy Szeged | ||